[Event "ENG-ch Senior 65+"]
[Site "Leamington"]
[Date "2023.05.07"]
[Round "5.4"]
[White "Clark, Robert G"]
[Black "Raynes, Paul"]
[Result "0-1"]
[WhiteElo "2080"]
[BlackElo "2077"]
[PlyCount "102"]
[EventDate "2023.05.04"]
[EventType "swiss"]
[EventRounds "7"]
[EventCountry "ENG"]
[SourceTitle "BritBase"]
[Source "John Saunders"]
[SourceDate "2023.05.08"]
[SourceVersion "1"]
[SourceVersionDate "2023.05.08"]
[SourceQuality "1"]

1. c4 Nc6 2. g3 e5 3. Bg2 f5 4. Nc3 Nf6 5. d3 Bb4 6. Bd2 O-O 7. Nd5 a5 8. e3 d6
9. Ne2 Kh8 10. b3 Nxd5 11. cxd5 Ne7 12. a3 Bc5 13. O-O Qe8 14. Bxa5 Rxa5 15. b4
Bxb4 16. axb4 Rxa1 17. Qxa1 Qh5 18. Qb2 Ng6 19. f4 Re8 20. Bf3 Qh6 21. Rc1 Bd7
22. Rxc7 Bb5 23. Qc2 exf4 24. Nd4 fxg3 25. Nxf5 gxh2+ 26. Qxh2 Qg5+ 27. Ng3
Qxe3+ 28. Qf2 Qg5 29. Be4 Nf4 30. Qf3 Rf8 31. Kf1 Ng6 32. Nf5 Nh4 33. Nxh4
Rxf3+ 34. Nxf3 Qd8 35. Rxb7 Bd7 36. Kf2 g6 37. Ke3 Bg4 38. Nd4 Qg5+ 39. Kf2
Qf4+ 40. Kg2 h5 41. Ne6 Bxe6 42. dxe6 Qg4+ 43. Kf2 Qxe6 44. b5 d5 45. Bf3 h4
46. b6 Qd6 47. Bg2 g5 48. Rf7 Qxb6+ 49. Ke2 Qd4 50. Rf5 Qg4+ 51. Rf3 Qxg2+ 0-1

[Event "ENG-ch Senior 65+"]
[Site "Leamington"]
[Date "2023.05.07"]
[Round "5.5"]
[White "Snape, Ian L"]
[Black "Goodwin, Ed H"]
[Result "1-0"]
[WhiteElo "2096"]
[BlackElo "1817"]
[PlyCount "155"]
[EventDate "2023.05.04"]
[EventType "swiss"]
[EventRounds "7"]
[EventCountry "ENG"]
[SourceTitle "BritBase"]
[Source "John Saunders"]
[SourceDate "2023.05.08"]
[SourceVersion "1"]
[SourceVersionDate "2023.05.08"]
[SourceQuality "1"]

1. c4 f5 2. Nc3 Nf6 3. g3 e6 4. Bg2 Be7 5. Nf3 O-O 6. O-O d6 7. d4 Qe8 8. Bf4
Bd8 9. c5 Nh5 10. Qd2 Nxf4 11. Qxf4 dxc5 12. dxc5 Nc6 13. Qc4 Kh8 14. e4 e5 15.
exf5 Bxf5 16. Rfe1 Be6 17. Qa4 Qf7 18. Kh1 Bd7 19. Qe4 Bf6 20. Nd5 Be6 21. Nxf6
gxf6 22. b3 Rad8 23. Rad1 a5 24. Kg1 Qg8 25. h3 Bf7 26. Qa4 Rxd1 27. Rxd1 Rd8
28. Re1 Bd5 29. Qh4 Qf8 30. Nh2 Bxg2 31. Kxg2 Qg7 32. Ng4 Rf8 33. Ne3 Nd4 34.
Qe4 c6 35. Nf5 Nxf5 36. Qxf5 Rd8 37. Re4 Qf7 38. Rxe5 Qg6 39. Qxg6 hxg6 40. Re7
Rd5 41. Rxb7 Rxc5 42. Ra7 Rf5 43. g4 Re5 44. h4 Kg8 45. Kg3 Rd5 46. f3 Re5 47.
Kf4 Rd5 48. Rc7 Rc5 49. h5 gxh5 50. gxh5 Rxh5 51. Rxc6 Kf7 52. Ra6 Rb5 53. Ke4
Kg6 54. f4 Rb4+ 55. Kf3 Rb5 56. Kg4 Rd5 57. a4 Rd3 58. Rb6 Rd5 59. Kf3 Rd3+ 60.
Ke4 Rc3 61. Rb5 Rh3 62. Kd4 Rf3 63. Ke4 Rh3 64. Rb7 f5+ 65. Kd4 Rf3 66. Rb6+
Kh5 67. Ke5 Kg4 68. Rg6+ Kh5 69. Kxf5 Rxb3 70. Ra6 Rb8 71. Rxa5 Rf8+ 72. Ke6+
Kh6 73. f5 Re8+ 74. Kf7 Re1 75. Kf6 Kh7 76. Re5 Ra1 77. a5 Kg8 78. Ke7 1-0

[Event "ENG-ch Senior 65+"]
[Site "Leamington"]
[Date "2023.05.07"]
[Round "5.6"]
[White "Bray, Dave J"]
[Black "Hutchinson, Norman A"]
[Result "0-1"]
[WhiteElo "1989"]
[BlackElo "1968"]
[PlyCount "69"]
[EventDate "2023.05.04"]
[EventType "swiss"]
[EventRounds "7"]
[EventCountry "ENG"]
[SourceTitle "BritBase"]
[Source "John Saunders"]
[SourceDate "2023.05.08"]
[SourceVersion "1"]
[SourceVersionDate "2023.05.08"]
[SourceQuality "1"]

1. d4 Nf6 2. Nf3 e6 3. g3 d5 4. Bg2 c6 5. O-O Nbd7 6. c4 Bd6 7. Qc2 O-O 8. Nbd2
Re8 9. e4 dxe4 10. Nxe4 Nxe4 11. Qxe4 e5 12. Re1 Nf6 13. Qh4 exd4 14. Rxe8+
Qxe8 15. Bg5 Be7 16. Re1 Qf8 17. Qxd4 h6 18. Be3 Ng4 19. h3 Bf6 20. Qd2 Nxe3
21. Rxe3 Be6 22. b3 Qc5 23. Qe2 a5 24. Nd2 Qa3 25. Ne4 Bb2 26. Nc5 Bd4 27. Rxe6
fxe6 28. Qxe6+ Kh8 29. Nxb7 Qc1+ 30. Kh2 Bxf2 31. h4 Rf8 32. Nd6 Qe3 33. Qxe3
Bxe3 34. Bxc6 Rf2+ 35. Kh3 0-1

[Event "ENG-ch Senior 65+"]
[Site "Leamington"]
[Date "2023.05.07"]
[Round "5.7"]
[White "Tucker, David S"]
[Black "Myall, Ivan J"]
[Result "0-1"]
[WhiteElo "1909"]
[BlackElo "1924"]
[PlyCount "114"]
[EventDate "2023.05.04"]
[EventType "swiss"]
[EventRounds "7"]
[EventCountry "ENG"]
[SourceTitle "BritBase"]
[Source "John Saunders"]
[SourceDate "2023.05.08"]
[SourceVersion "1"]
[SourceVersionDate "2023.05.08"]
[SourceQuality "1"]

1. e4 e5 2. Nf3 Nc6 3. Bb5 a6 4. Ba4 Nf6 5. O-O Bc5 6. c3 b5 7. Bb3 d6 8. d4
Bb6 9. h3 Bb7 10. Re1 O-O 11. d5 Ne7 12. Be3 Nd7 13. Nbd2 Bxe3 14. Rxe3 f5 15.
Ng5 Nc5 16. Qh5 h6 17. Ne6 Nxe6 18. dxe6 f4 19. Rd3 Kh7 20. Re1 Qe8 21. Qd1 Qg6
22. c4 bxc4 23. Bxc4 Rad8 24. Qb3 Rb8 25. Qc3 Rfc8 26. b3 Ra8 27. f3 a5 28. a3
Ba6 29. Rc1 Bxc4 30. Qxc4 Qe8 31. Nb1 Ng6 32. Rdc3 Nf8 33. a4 Nxe6 34. Na3 Nc5
35. Nb5 Qg8 36. Qd5 Qxd5 37. exd5 Kg6 38. Kf1 Kf6 39. g4 Kg5 40. Kg2 Kf6 41. h4
Ke7 42. h5 Kd7 43. Rd1 Re8 44. Rb1 e4 45. Nd4 Re5 46. Nf5 Rxd5 47. fxe4 Nxe4
48. Rf3 Rd2+ 49. Kg1 Ng5 50. Rc3 Re8 51. Rbc1 c5 52. R3c2 Ree2 53. Rxd2 Rxd2
54. Nxg7 f3 55. Nf5 Ne4 56. Nxh6 Ng3 57. Rf1 Rg2# 0-1

[Event "ENG-ch Senior 65+"]
[Site "Leamington"]
[Date "2023.05.07"]
[Round "5.8"]
[White "Baguley, John"]
[Black "Shephard, Chris Cw"]
[Result "0-1"]
[WhiteElo "1811"]
[BlackElo "2189"]
[PlyCount "72"]
[EventDate "2023.05.04"]
[EventType "swiss"]
[EventRounds "7"]
[EventCountry "ENG"]
[SourceTitle "BritBase"]
[Source "John Saunders"]
[SourceDate "2023.05.08"]
[SourceVersion "1"]
[SourceVersionDate "2023.05.08"]
[SourceQuality "1"]

1. d4 g6 2. Bf4 Bg7 3. Nc3 d6 4. e4 c6 5. Nf3 Qb6 6. Rb1 Bg4 7. Be3 Bxf3 8.
gxf3 Nd7 9. Bh3 Qc7 10. Qd2 b5 11. a3 Nb6 12. b3 Nf6 13. Bh6 O-O 14. Bxg7 Kxg7
15. Bg4 h5 16. Bh3 a5 17. Ne2 a4 18. b4 Nc4 19. Qc3 e5 20. Rg1 d5 21. dxe5 Qxe5
22. Qxe5 Nxe5 23. Bg2 Nc4 24. Ra1 Rfe8 25. Nc3 Rad8 26. h3 Re7 27. h4 Ree8 28.
Rh1 dxe4 29. fxe4 Rd2 30. Kf1 Rxc2 31. Rh3 Ng4 32. Ne2 Rd8 33. Bf3 Rdd2 34. Ke1
Nge5 35. Ng1 Nd3+ 36. Kf1 Rxf2# 0-1

[Event "ENG-ch Senior 65+"]
[Site "Leamington"]
[Date "2023.05.07"]
[Round "5.9"]
[White "Hutchinson, Paul A"]
[Black "Pollyn, Stephen M"]
[Result "1-0"]
[WhiteElo "2005"]
[BlackElo "1791"]
[PlyCount "81"]
[EventDate "2023.05.04"]
[EventType "swiss"]
[EventRounds "7"]
[EventCountry "ENG"]
[SourceTitle "BritBase"]
[Source "John Saunders"]
[SourceDate "2023.05.08"]
[SourceVersion "1"]
[SourceVersionDate "2023.05.08"]
[SourceQuality "1"]

1. d4 Nf6 2. Bf4 d6 3. Nf3 g6 4. h3 Bg7 5. e3 c6 6. c4 Na6 7. Nc3 Nc7 8. Bd3
Bd7 9. O-O O-O 10. Qd2 d5 11. c5 Qc8 12. b4 Bf5 13. a4 Bxd3 14. Qxd3 Nd7 15.
Bh2 Re8 16. Rad1 e5 17. e4 exd4 18. Nxd4 Ne5 19. Bxe5 Rxe5 20. f4 dxe4 21. Nxe4
Rd5 22. Qc4 Qd8 23. Nd6 Ne8 24. Nxc6 bxc6 25. Rxd5 cxd5 26. Qxd5 Nxd6 27. cxd6
Rb8 28. Re1 Bf8 29. d7 Qb6+ 30. Kh1 Rd8 31. Re8 Qc7 32. Rxd8 Qxd8 33. b5 Be7
34. Qb7 Bc5 35. a5 Kf8 36. Qc8 Be7 37. b6 axb6 38. axb6 Kg7 39. b7 Qa5 40. b8=Q
Qe1+ 41. Kh2 1-0

[Event "ENG-ch Senior 65+"]
[Site "Leamington"]
[Date "2023.05.07"]
[Round "5.10"]
[White "Clancy, Martin J"]
[Black "Erdogan, Hassan"]
[Result "1-0"]
[WhiteElo "1706"]
[BlackElo "1831"]
[PlyCount "66"]
[EventDate "2023.05.04"]
[EventType "swiss"]
[EventRounds "7"]
[EventCountry "ENG"]
[SourceTitle "BritBase"]
[Source "John Saunders"]
[SourceDate "2023.05.08"]
[SourceVersion "1"]
[SourceVersionDate "2023.05.08"]
[SourceQuality "1"]

1. e4 d6 2. d4 Nf6 3. Nc3 Nbd7 4. Nf3 e5 5. Bc4 h6 6. h3 Be7 7. Be3 O-O 8. Qd2
c6 9. a4 a5 10. g4 Qc7 11. dxe5 dxe5 12. g5 hxg5 13. Bxg5 Nc5 14. Qe3 b6 15.
Rg1 Be6 16. Bh6 g6 17. Bxf8 Bxf8 18. Bxe6 Nxe6 19. O-O-O Nf4 20. Kb1 Bc5 21.
Qe1 Nxh3 22. Rg2 Nf4 23. Rg5 Re8 24. Rd2 Ne6 25. Rg1 Nd4 26. Rg3 Nh5 27. Rh3
Qc8 28. Qh1 Qg4 29. Rd1 Kf8 30. Rg1 Qf4 31. Qg2 b5 32. axb5 cxb5 33. Rxh5 gxh5
1-0

[Event "ENG-ch Senior 65+"]
[Site "Leamington"]
[Date "2023.05.07"]
[Round "5.12"]
[White "Bellers, Chris JV"]
[Black "Waldock, Adrian Dp"]
[Result "1/2-1/2"]
[WhiteElo "1900"]
[BlackElo "1686"]
[PlyCount "66"]
[EventDate "2023.05.04"]
[EventType "swiss"]
[EventRounds "7"]
[EventCountry "ENG"]
[SourceTitle "BritBase"]
[Source "John Saunders"]
[SourceDate "2023.05.08"]
[SourceVersion "1"]
[SourceVersionDate "2023.05.08"]
[SourceQuality "1"]

1. c4 e6 2. g3 d5 3. Bg2 Nf6 4. Nf3 c6 5. O-O Bd6 6. b3 O-O 7. Bb2 Nbd7 8. d4
b6 9. Nbd2 Bb7 10. Ne5 Rc8 11. e4 dxe4 12. Nxe4 Nxe4 13. Bxe4 Nf6 14. Bg2 Qc7
15. Re1 c5 16. d5 exd5 17. cxd5 Rfe8 18. f4 Rcd8 19. Qd2 b5 20. Nc6 Ra8 21.
Rxe8+ Nxe8 22. Re1 a5 23. Nxa5 Nf6 24. Nxb7 Qxb7 25. Be5 Qc7 26. Qb2 Ne8 27.
Re2 f6 28. Bxd6 Nxd6 29. Re6 c4 30. bxc4 bxc4 31. h3 c3 32. Qc2 Rb8 33. Re3 Rc8
1/2-1/2

[Event "ENG-ch Senior 65+"]
[Site "Leamington"]
[Date "2023.05.07"]
[Round "5.13"]
[White "Selley, Susan A"]
[Black "Neatherway, A Philip"]
[Result "0-1"]
[WhiteElo "1353"]
[BlackElo "1739"]
[PlyCount "58"]
[EventDate "2023.05.04"]
[EventType "swiss"]
[EventRounds "7"]
[EventCountry "ENG"]
[SourceTitle "BritBase"]
[Source "John Saunders"]
[SourceDate "2023.05.08"]
[SourceVersion "1"]
[SourceVersionDate "2023.05.08"]
[SourceQuality "1"]

1. c4 e5 2. Nc3 d6 3. Nf3 f5 4. e4 Nf6 5. exf5 Bxf5 6. d4 Nbd7 7. dxe5 dxe5 8.
Bg5 Be7 9. Nd5 Nxd5 10. Bxe7 Nxe7 11. b4 O-O 12. Be2 Kh8 13. O-O Ng6 14. h3 Qe7
15. a3 Rad8 16. Qc1 Nf4 17. Re1 Bxh3 18. gxh3 Nxe2+ 19. Rxe2 Rxf3 20. Re3 Rdf8
21. Rxf3 Rxf3 22. Qf1 Qg5+ 23. Kh2 Qh4 24. Ra2 Nf6 25. Qg2 Qf4+ 26. Kg1 e4 27.
Re2 Rxa3 28. Qh2 Ra1+ 29. Kg2 Qf3# 0-1

[Event "ENG-ch Senior 65+"]
[Site "Leamington"]
[Date "2023.05.07"]
[Round "5.14"]
[White "Seymour, Paul"]
[Black "Hall, Alan A"]
[Result "1-0"]
[WhiteElo "1599"]
[BlackElo "1747"]
[PlyCount "134"]
[EventDate "2023.05.04"]
[EventType "swiss"]
[EventRounds "7"]
[EventCountry "ENG"]
[SourceTitle "BritBase"]
[Source "John Saunders"]
[SourceDate "2023.05.08"]
[SourceVersion "1"]
[SourceVersionDate "2023.05.08"]
[SourceQuality "1"]

1. d4 Nf6 2. Bf4 d6 3. e3 g6 4. h3 Bg7 5. Nf3 O-O 6. Be2 Nbd7 7. O-O c5 8. c3
a6 9. Bh2 b5 10. Nbd2 Bb7 11. Rc1 Re8 12. c4 b4 13. b3 a5 14. Ne1 Qb6 15. d5 e6
16. e4 exd5 17. exd5 Re7 18. Nd3 Rae8 19. Re1 Bh6 20. Kf1 Ne5 21. Nxe5 dxe5 22.
f3 Bc8 23. g4 e4 24. f4 g5 25. f5 Bf8 26. Kg2 Rd7 27. Nf1 Bd6 28. Bxd6 Qxd6 29.
Ng3 Rde7 30. Rf1 Bd7 31. Qd2 h6 32. Qe3 Kg7 33. Rf2 a4 34. Rh1 Qe5 35. h4 Qd4
36. Qxd4 cxd4 37. hxg5 hxg5 38. Nh5+ Nxh5 39. Rxh5 f6 40. Rf1 Rh8 41. Rxh8 Kxh8
42. c5 axb3 43. axb3 d3 44. c6 dxe2 45. Re1 Bc8 46. d6 Ra7 47. Rxe2 Bd7 48.
cxd7 Rxd7 49. Rxe4 Rxd6 50. Rxb4 Kg7 51. Kf2 Kf7 52. Ke3 Ke7 53. Re4+ Kf7 54.
b4 Rd1 55. Rd4 Rb1 56. Kd3 Ke7 57. Kc4 Rc1+ 58. Kb5 Rb1 59. Kc5 Rc1+ 60. Kb6
Rb1 61. b5 Ra1 62. Kb7 Rb1 63. b6 Rb3 64. Kc6 Rc3+ 65. Kb5 Rc1 66. b7 Rb1+ 67.
Rb4 Ke8 1-0

[Event "ENG-ch Senior 65+"]
[Site "Leamington"]
[Date "2023.05.07"]
[Round "5.15"]
[White "Earlam, Anthony"]
[Black "Morris, Nigel W"]
[Result "0-1"]
[WhiteElo "1644"]
[BlackElo "1363"]
[PlyCount "72"]
[EventDate "2023.05.04"]
[EventType "swiss"]
[EventRounds "7"]
[EventCountry "ENG"]
[SourceTitle "BritBase"]
[Source "John Saunders"]
[SourceDate "2023.05.08"]
[SourceVersion "1"]
[SourceVersionDate "2023.05.08"]
[SourceQuality "1"]

1. e4 c5 2. Nf3 d6 3. Nc3 a6 4. Bc4 e6 5. a3 Nf6 6. d3 b5 7. Ba2 Nbd7 8. Bf4
Qc7 9. O-O Be7 10. Re1 O-O 11. Qd2 Bb7 12. h3 Nb6 13. Re2 b4 14. axb4 cxb4 15.
Nd1 a5 16. c3 bxc3 17. Nxc3 Qd7 18. Qe3 Ra6 19. Bg5 h6 20. Bh4 Nh7 21. Bg3 Re8
22. Nd4 d5 23. Qd2 dxe4 24. dxe4 Rd8 25. Ncb5 Bc6 26. Nxc6 Qxc6 27. Nd4 Qd7 28.
Nf3 Qb5 29. Qc2 Rc8 30. Qd1 Na4 31. Be5 Bf6 32. Bxf6 Nxf6 33. Nd4 Qd7 34. Qd2
Rd6 35. Nf3 Rxd2 36. Rxd2 Qc6 0-1

[Event "ENG-ch Senior 65+"]
[Site "Leamington"]
[Date "2023.05.07"]
[Round "5.16"]
[White "Jones, Michael R"]
[Black "Jerome, Stellio"]
[Result "0-1"]
[WhiteElo "1477"]
[BlackElo "1518"]
[PlyCount "102"]
[EventDate "2023.05.04"]
[EventType "swiss"]
[EventRounds "7"]
[EventCountry "ENG"]
[SourceTitle "BritBase"]
[Source "John Saunders"]
[SourceDate "2023.05.08"]
[SourceVersion "1"]
[SourceVersionDate "2023.05.08"]
[SourceQuality "1"]

1. d4 f5 2. Nf3 Nf6 3. g3 e6 4. Bg2 Be7 5. O-O O-O 6. c4 d6 7. Nc3 Qe8 8. Re1
Ne4 9. Qc2 Nxc3 10. bxc3 Nd7 11. e4 e5 12. c5 f4 13. Qb3+ Kh8 14. Ba3 fxg3 15.
fxg3 Qh5 16. Rf1 Nf6 17. Qc2 Bh3 18. Rae1 Bd7 19. Rf2 Ng4 20. Rff1 Rf6 21. Bc1
Raf8 22. Qd3 Rxf3 23. Rxf3 Qxh2+ 24. Kf1 Rxf3+ 25. Qxf3 Bb5+ 26. Re2 Qh5 27.
Ke1 Bxe2 28. Qxe2 Qg6 29. cxd6 Bxd6 30. Bf3 Nf6 31. d5 Qxg3+ 32. Kd1 Qg1+ 33.
Kc2 Qc5 34. Be3 Qa3 35. Kd3 Qa6+ 36. c4 Qa3+ 37. Kc2 Qxa2+ 38. Kd1 Qb1+ 39. Bc1
Ba3 40. Qc2 Qxc1+ 41. Qxc1 Bxc1 42. Kxc1 g5 43. Bg2 b6 44. Kc2 Kg7 45. Kb3 g4
46. Kb4 a5+ 47. Kb5 Kf7 48. d6 cxd6 49. Kxb6 a4 50. c5 dxc5 51. Bf1 Nxe4 0-1

[Event "ENG-ch Senior 65+"]
[Site "Leamington"]
[Date "2023.05.07"]
[Round "5.17"]
[White "Carpenter, David J"]
[Black "Hanks, Peter"]
[Result "0-1"]
[WhiteElo "1497"]
[BlackElo "1249"]
[PlyCount "58"]
[EventDate "2023.05.04"]
[EventType "swiss"]
[EventRounds "7"]
[EventCountry "ENG"]
[SourceTitle "BritBase"]
[Source "John Saunders"]
[SourceDate "2023.05.08"]
[SourceVersion "1"]
[SourceVersionDate "2023.05.08"]
[SourceQuality "1"]

1. Nf3 d6 2. g3 Nf6 3. Bg2 c6 4. d3 h6 5. e4 Qc7 6. Nbd2 Nbd7 7. O-O g5 8. Re1
e5 9. Nf1 Be7 10. Ne3 Nf8 11. a3 Ng6 12. b4 Bd7 13. Bb2 g4 14. Nd2 h5 15. Nf5
Bf8 16. Nf1 Bxf5 17. exf5 Ne7 18. Ne3 O-O-O 19. f4 Nd7 20. fxe5 dxe5 21. d4 f6
22. Qe2 Bh6 23. dxe5 Bxe3+ 24. Qxe3 Nxf5 25. Qe4 Nxg3 26. hxg3 h4 27. gxh4 Rxh4
28. e6 Qh2+ 29. Kf2 g3+ 0-1

[Event "ENG-ch Senior 65+"]
[Site "Leamington"]
[Date "2023.05.07"]
[Round "6.1"]
[White "Littlewood, Paul E"]
[Black "Bowmer, Kevin"]
[Result "1/2-1/2"]
[WhiteElo "2347"]
[BlackElo "2093"]
[PlyCount "92"]
[EventDate "2023.05.04"]
[EventType "swiss"]
[EventRounds "7"]
[EventCountry "ENG"]
[SourceTitle "BritBase"]
[Source "John Saunders"]
[SourceDate "2023.05.08"]
[SourceVersion "1"]
[SourceVersionDate "2023.05.08"]
[SourceQuality "1"]

1. e4 c5 2. Nf3 d6 3. Bb5+ Nd7 4. c3 Ngf6 5. Qe2 a6 6. Ba4 b5 7. Bc2 Bb7 8. O-O
c4 9. b4 Nb6 10. d4 cxd3 11. Bxd3 e6 12. Nd4 Be7 13. f3 O-O 14. Be3 Rc8 15. Rd1
Qc7 16. Nb3 Nc4 17. Bxc4 Qxc4 18. Qxc4 Rxc4 19. a4 bxa4 20. Rxa4 Ra8 21. Na5
Rc7 22. c4 Bc8 23. Nc3 Bd7 24. Raa1 Rb8 25. Rab1 Be8 26. Bf4 e5 27. Bg3 h6 28.
f4 Rcc8 29. fxe5 dxe5 30. c5 Rxb4 31. Bxe5 Bxc5+ 32. Kf1 Nxe4 33. Rxb4 Bxb4 34.
Nxe4 Bxa5 35. Nd6 Bb5+ 36. Nxb5 axb5 37. Rd5 Rc1+ 38. Ke2 Rb1 39. g4 Bb6 40. h4
Bg1 41. h5 Bb6 42. Kd2 Rb4 43. g5 hxg5 44. Bc3 Rh4 45. Rxg5 b4 46. Bxg7 Kh7
1/2-1/2

[Event "ENG-ch Senior 65+"]
[Site "Leamington"]
[Date "2023.05.07"]
[Round "6.2"]
[White "Moore, Geoffrey R"]
[Black "Baker, Chris W"]
[Result "0-1"]
[WhiteElo "1969"]
[BlackElo "2226"]
[PlyCount "106"]
[EventDate "2023.05.04"]
[EventType "swiss"]
[EventRounds "7"]
[EventCountry "ENG"]
[SourceTitle "BritBase"]
[Source "John Saunders"]
[SourceDate "2023.05.08"]
[SourceVersion "1"]
[SourceVersionDate "2023.05.08"]
[SourceQuality "1"]

1. e4 c6 2. d4 d5 3. e5 c5 4. Nf3 Nc6 5. dxc5 Bg4 6. c3 e6 7. Be3 Nge7 8. Bb5
Qc7 9. Nbd2 a6 10. Qa4 Bxf3 11. Nxf3 Rc8 12. Bd3 Ng6 13. Bxg6 hxg6 14. O-O Be7
15. Rfe1 Kf8 16. Bd4 Qd7 17. Qd1 g5 18. Nd2 f5 19. exf6 gxf6 20. f3 Kf7 21. Bf2
Ne5 22. b4 Nd3 23. Re2 b6 24. Nb3 Nxf2 25. Rxf2 bxc5 26. Nxc5 Rxc5 27. bxc5
Bxc5 28. Qe2 Qc7 29. g3 Bxf2+ 30. Qxf2 Qxc3 31. Rb1 Rc8 32. Rb2 Qc5 33. Rb7+
Kg6 34. Qxc5 Rxc5 35. Rb6 Rc1+ 36. Kf2 Rc2+ 37. Ke3 Kf5 38. Rxa6 Rxh2 39. g4+
Ke5 40. Kd3 f5 41. gxf5 exf5 42. Ra5 Kf4 43. a4 Ra2 44. Kc3 Ra3+ 45. Kb4 Rxf3
46. Rxd5 Re3 47. a5 g4 48. a6 Re8 49. a7 Ra8 50. Rd7 g3 51. Kc3 g2 52. Rg7 Kf3
53. Kd2 Rxa7 0-1

[Event "ENG-ch Senior 65+"]
[Site "Leamington"]
[Date "2023.05.07"]
[Round "6.3"]
[White "Raynes, Paul"]
[Black "Snape, Ian L"]
[Result "1/2-1/2"]
[WhiteElo "2077"]
[BlackElo "2096"]
[PlyCount "57"]
[EventDate "2023.05.04"]
[EventType "swiss"]
[EventRounds "7"]
[EventCountry "ENG"]
[SourceTitle "BritBase"]
[Source "John Saunders"]
[SourceDate "2023.05.08"]
[SourceVersion "1"]
[SourceVersionDate "2023.05.08"]
[SourceQuality "1"]

1. Nf3 Nf6 2. c4 g6 3. b3 Bg7 4. Bb2 O-O 5. g3 b6 6. Bg2 Bb7 7. d4 Na6 8. O-O
e6 9. Nc3 d5 10. Ne5 Qe7 11. Rc1 Rfd8 12. Qc2 c5 13. dxc5 bxc5 14. cxd5 exd5
15. Na4 Rac8 16. Rfd1 Nb4 17. Qb1 Ne4 18. Nd3 d4 19. a3 Nxd3 20. Qxd3 Nc3 21.
Bxc3 dxc3 22. Qc4 Rd4 23. Qb5 Bxg2 24. Kxg2 c2 25. Rxd4 cxd4 26. Qd3 Qxa3 27.
Rxc2 Rxc2 28. Qxc2 h5 29. h4 1/2-1/2

[Event "ENG-ch Senior 65+"]
[Site "Leamington"]
[Date "2023.05.07"]
[Round "6.4"]
[White "Hutchinson, Norman A"]
[Black "De Coverly, Roger D"]
[Result "0-1"]
[WhiteElo "1968"]
[BlackElo "1945"]
[PlyCount "150"]
[EventDate "2023.05.04"]
[EventType "swiss"]
[EventRounds "7"]
[EventCountry "ENG"]
[SourceTitle "BritBase"]
[Source "John Saunders"]
[SourceDate "2023.05.08"]
[SourceVersion "1"]
[SourceVersionDate "2023.05.08"]
[SourceQuality "1"]

1. e4 e5 2. Nf3 Nc6 3. Bb5 a6 4. Ba4 Nf6 5. O-O b5 6. Bb3 Be7 7. d3 O-O 8. a4
Rb8 9. axb5 axb5 10. Nc3 d6 11. h3 Be6 12. Nd5 Bxd5 13. exd5 Nb4 14. c4 Nxd3
15. Qxd3 e4 16. Qe2 exf3 17. Qxf3 bxc4 18. Bxc4 Nd7 19. Qe2 Bf6 20. Rb1 Re8 21.
Qc2 Nb6 22. Bb3 Qd7 23. Qd3 g6 24. f4 Na4 25. Qg3 Bd4+ 26. Kh1 Nc5 27. Bc2 f5
28. Kh2 Qg7 29. Re1 Ne4 30. Qf3 Nc5 31. Rxe8+ Rxe8 32. b4 Ne4 33. Rb3 Qf7 34.
Rd3 Bb6 35. Be3 Rb8 36. Bxb6 Rxb6 37. Rd4 Qf6 38. Qe3 Rb8 39. Bxe4 Re8 40. Qd3
fxe4 41. Rxe4 Rf8 42. Qd4 Qxd4 43. Rxd4 Re8 44. Kg3 Re3+ 45. Kg4 Rc3 46. f5 Kg7
47. fxg6 hxg6 48. Kf4 Kf6 49. h4 Rc2 50. g3 Rf2+ 51. Ke4 Rg2 52. Kf4 Rf2+ 53.
Ke3 Rc2 54. Kd3 Rg2 55. Rg4 Rg1 56. Kc4 Rc1+ 57. Kb5 Rc3 58. Rg5 Rc2 59. Ka6
Rc4 60. Kb7 Rc3 61. Kc8 Rc4 62. Kd7 Rc3 63. b5 Rc4 64. Kd8 Rc3 65. Ke8 Re3+ 66.
Kd8 Rc3 67. Kc8 Rc4 68. Kd7 Rc3 69. b6 cxb6 70. Kxd6 b5 71. Rg4 Rc4 72. Rxc4
bxc4 73. Kc7 c3 74. d6 c2 75. d7 c1=Q+ 0-1

[Event "ENG-ch Senior 65+"]
[Site "Leamington"]
[Date "2023.05.07"]
[Round "6.5"]
[White "Myall, Ivan J"]
[Black "Clark, Robert G"]
[Result "1/2-1/2"]
[WhiteElo "1924"]
[BlackElo "2080"]
[PlyCount "32"]
[EventDate "2023.05.04"]
[EventType "swiss"]
[EventRounds "7"]
[EventCountry "ENG"]
[SourceTitle "BritBase"]
[Source "John Saunders"]
[SourceDate "2023.05.08"]
[SourceVersion "1"]
[SourceVersionDate "2023.05.08"]
[SourceQuality "1"]

1. d4 Nf6 2. Bf4 d6 3. e3 g6 4. c3 Bg7 5. h4 Nbd7 6. Nf3 c5 7. Nbd2 cxd4 8.
exd4 Nd5 9. Bg3 N7f6 10. Bc4 Nb6 11. Bd3 Bg4 12. Qc2 Rc8 13. Bb5+ Nbd7 14. Qb3
Be6 15. Qd1 Bg4 16. Qb3 Be6 1/2-1/2

[Event "ENG-ch Senior 65+"]
[Site "Leamington"]
[Date "2023.05.07"]
[Round "6.6"]
[White "Shephard, Chris Cw"]
[Black "Hutchinson, Paul A"]
[Result "1/2-1/2"]
[WhiteElo "2189"]
[BlackElo "2005"]
[PlyCount "111"]
[EventDate "2023.05.04"]
[EventType "swiss"]
[EventRounds "7"]
[EventCountry "ENG"]
[SourceTitle "BritBase"]
[Source "John Saunders"]
[SourceDate "2023.05.08"]
[SourceVersion "1"]
[SourceVersionDate "2023.05.08"]
[SourceQuality "1"]

1. c4 e6 2. Nf3 d5 3. g3 c6 4. b3 d4 5. Bb2 c5 6. b4 f6 7. d3 e5 8. bxc5 Bxc5
9. Bg2 Nc6 10. O-O Nge7 11. Nbd2 Ng6 12. Nb3 Be7 13. e3 dxe3 14. fxe3 Be6 15.
Qe2 Na5 16. Nfd2 Nxb3 17. axb3 Qb6 18. Ba3 O-O 19. Kh1 Bxa3 20. Rxa3 Bd7 21. b4
Bc6 22. b5 Bxg2+ 23. Kxg2 f5 24. Kh1 a6 25. bxa6 bxa6 26. Rb3 Qd6 27. Rc1 Rac8
28. Rbc3 Qc6+ 29. Qg2 Ne7 30. Qxc6 Nxc6 31. Ra1 a5 32. Nb3 f4 33. gxf4 exf4 34.
exf4 Rxf4 35. Rc2 Rd8 36. d4 Rc8 37. Rd2 Rd8 38. c5 Rf3 39. d5 Rxb3 40. dxc6
Rc8 41. Rxa5 Rf3 42. Ra7 Rxc6 43. Rd8+ Rf8 44. Rxf8+ Kxf8 45. Ra5 Kf7 46. Kg2
Rf6 47. Ra7+ Kg6 48. Ra2 Rc6 49. Rc2 Rc7 50. Kf3 Kf5 51. Rc4 Ke5 52. Rh4 g6 53.
Rc4 Kd5 54. Rc1 Rxc5 55. Rxc5+ Kxc5 56. Kf4 1/2-1/2

[Event "ENG-ch Senior 65+"]
[Site "Leamington"]
[Date "2023.05.07"]
[Round "6.7"]
[White "Page, Mark E"]
[Black "Clancy, Martin J"]
[Result "1-0"]
[WhiteElo "2044"]
[BlackElo "1706"]
[PlyCount "43"]
[EventDate "2023.05.04"]
[EventType "swiss"]
[EventRounds "7"]
[EventCountry "ENG"]
[SourceTitle "BritBase"]
[Source "John Saunders"]
[SourceDate "2023.05.08"]
[SourceVersion "1"]
[SourceVersionDate "2023.05.08"]
[SourceQuality "1"]

1. e4 c5 2. Nf3 d6 3. Nc3 a6 4. a4 Nf6 5. d4 cxd4 6. Nxd4 e5 7. Nb3 Nc6 8. Be2
Be6 9. O-O Be7 10. Be3 O-O 11. f4 exf4 12. Rxf4 d5 13. Rxf6 Bxf6 14. exd5 Bxc3
15. dxc6 Bxb2 16. cxb7 Rb8 17. Rb1 Qf6 18. Bf3 Rfd8 19. Qe2 Bd5 20. Bxd5 Rxd5
21. c4 Re5 22. Qxb2 1-0